000 01071 a2200193 4500
020 _a978-0-470-44256-2
082 _a174.4
090 _c1777
_d1777
100 _aCollins, Denis
245 _aEssentials of business ethics : creating an organization of high integrity and superior performance
_cDenis Collins
260 _aNew Jersy
_bJohn Wiley & Sons
_c2009
300 _axxv, 291
942 _aSNS
_cBK
_k174.4 COL
999 _c193003
_d193003